Vývoj základných kovov v auguste na Londýnskej burze kovov Príloha Hospodárskych novín
Prehľad o vývoji kovov na Londýnskej burze kovov v auguste 1996. Analýza obsahuje aj najdôležitejšie poznatky o dianí u najvýznamnejších producentov.
Enregistré dans:
| Auteur principal: | |
|---|---|
| Format: | Chapitre de livre |
| Langue: | slovaque |
| Sujets: | |
| Tags: |
Pas de tags, Soyez le premier à ajouter un tag!
|
MARC
| LEADER | 00000naa a2200000 4500 | ||
|---|---|---|---|
| 001 | r021875 | ||
| 005 | 20230801105347.1 | ||
| 041 | 0 | |a slo | |
| 044 | |a SK | ||
| 245 | 1 | 0 | |a Vývoj základných kovov v auguste na Londýnskej burze kovov |b Príloha Hospodárskych novín |c A. Zoller |
| 520 | |a Prehľad o vývoji kovov na Londýnskej burze kovov v auguste 1996. Analýza obsahuje aj najdôležitejšie poznatky o dianí u najvýznamnejších producentov. | ||
| 610 | 2 | 0 | |a kovy |
| 610 | 2 | 0 | |a ceny svetové |
| 610 | 2 | 0 | |a trh svetový |
| 610 | 2 | 0 | |a Londýnska burza kovov |
| 610 | 2 | 0 | |a august |
| 610 | 2 | 0 | |a 1996 |
| 610 | 2 | 0 | |a meď |
| 610 | 2 | 0 | |a hliník |
| 610 | 2 | 0 | |a zinok |
| 610 | 2 | 0 | |a nikel |
| 610 | 2 | 0 | |a olovo |
| 100 | 1 | |a Zoller, Alexander | |